Normal view
MARC view
- Nixon, Richard M.
Entry Personal Name
001 - CONTROL NUMBER
- control field: 8023
003 - CONTROL NUMBER IDENTIFIER
- control field: NUST
005 - DATE AND TIME OF LATEST TRANSACTION
- control field: 20180104143445.0
008 - FIXED-LENGTH DATA ELEMENTS
- fixed length control field: 180104|| aca||aabn | a|a d
040 ## - CATALOGING SOURCE
- Original cataloging agency: NUST
- Transcribing agency: NUST
100 ## - HEADING--PERSONAL NAME
- Personal name: Nixon, Richard M.
- Fuller form of name: (Richard Milhous),
- Dates associated with a name: 1913-1994.
670 ## - SOURCE DATA FOUND
- Source citation: Work cat.: (NUST)0: Brodie, Fawn McKay, 1915-1981. 8022, Richard Nixon, the shaping of his character /, 1981.
